000 00797nam a22002657a 4500
003 0
005 20180630124336.0
008 0
010 _aA-996284
020 _c580.00
_a8170950686
035 _aA-996284, A-996285
037 _bCen Lib/Ret
040 _aDPL
_bEN
_c0
082 _a954
_bIND
245 _aIndia on the threshold of the 21st century :
_cedited by S. Bhatt [and] V. S.Mani
_bshape of things to come /
260 _bLancer Books
_c1999
_aNew Delhi
270 _aP.O.Box 4236
_bNew Delhi
_e110048
300 _axi,413p.
_c20cm(Hb)
500 _aIncludes index
650 _aSocial conditions
_91609
650 _aIndia -- Politics and government -- 1977
_937
700 _aBhatt, S.
_927548
700 _aMani, V.S.
_919798
942 _2ddc
_cEN
_h954
_mIND
999 _c129841
_d129841